ბათუმის შოთა რუსთაველის სახელმწიფო უნივერსიტეტის ბიბლიოთეკა

Human anatomy & physiology laboratory manual : (ბიბ.ჩანაწერი № 50535)

000 -LEADER
fixed length control field 01790cam a22003854a 4500
001 - CONTROL NUMBER
control field 15304265
005 - DATE AND TIME OF LATEST TRANSACTION
control field 20200226123254.0
008 - FIXED-LENGTH DATA ELEMENTS--GENERAL INFORMATION
fixed length control field 080523s2009 caua 001 0 eng
010 ## - LIBRARY OF CONGRESS CONTROL NUMBER
LC control number 2008273846
020 ## - INTERNATIONAL STANDARD BOOK NUMBER
International Standard Book Number 0321542479 (student edition)
020 ## - INTERNATIONAL STANDARD BOOK NUMBER
International Standard Book Number 9780321542472 (student edition)
020 ## - INTERNATIONAL STANDARD BOOK NUMBER
International Standard Book Number 032155065X (professional copy)
020 ## - INTERNATIONAL STANDARD BOOK NUMBER
International Standard Book Number 9780321550651 (professional copy)
040 ## - CATALOGING SOURCE
Original cataloging agency DLC
Transcribing agency DLC
Modifying agency DLC
050 00 - LIBRARY OF CONGRESS CALL NUMBER
Classification number QP44
Item number .M34 2009
080 ## - UNIVERSAL DECIMAL CLASSIFICATION NUMBER
Universal Decimal Classification number 611+ 612 M-30
082 00 - DEWEY DECIMAL CLASSIFICATION NUMBER
Classification number 612.0078
Edition number 22
100 1# - MAIN ENTRY--PERSONAL NAME
Personal name Marieb, Elaine Nicpon,
Dates associated with a name 1936-
9 (RLIN) 7403
245 10 - TITLE STATEMENT
Title Human anatomy & physiology laboratory manual :
Statement of responsibility, etc. Elaine N. Marieb, Susan J. Mitchell ; PhysioEx version 8.0 authored by Peter Z. Zao ... [et al.]. /
Remainder of title Human anatomy and physiology laboratory manual
250 ## - EDITION STATEMENT
Edition statement 8th ed., update, main version
264 ## - PRODUCTION, PUBLICATION, DISTRIBUTION, MANUFACTURE, AND COPYRIGHT NOTICE
Place of production, publication, distribution, manufacture San Francisco :
Name of producer, publisher, distributor, manufacturer Pearson/Benjamin Cummings,
Date of production, publication, distribution, manufacture, or copyright notice c2009.
300 ## - PHYSICAL DESCRIPTION
Extent 850p.1 v. (various pagings) :
Other physical details ill. (chiefly col.) ;
Dimensions 28 cm. +
Accompanying material 1 computer optical disc (4 3/4 in).
440 #4 - SERIES STATEMENT/ADDED ENTRY--TITLE
Title The Benjamin Cummings series in human anatomy and physiology
9 (RLIN) 7492
500 ## - GENERAL NOTE
General note Includes index.
538 ## - SYSTEM DETAILS NOTE
System details note System requirements: Windows 95, 98, NT, 2000, ME; Pentium I processor/266 mHz; Mac: OS 8.5.1; 240 mHz; 64 MB RAM; CD-ROM.
650 #0 - SUBJECT ADDED ENTRY--TOPICAL TERM
Topical term or geographic name entry element Human physiology
Form subdivision Laboratory manuals.
9 (RLIN) 7396
650 #0 - SUBJECT ADDED ENTRY--TOPICAL TERM
Topical term or geographic name entry element Human anatomy
Form subdivision Laboratory manuals.
9 (RLIN) 7395
653 ## - INDEX TERM--UNCONTROLLED
keyword ადამიანის ანატომია
653 ## - INDEX TERM--UNCONTROLLED
keyword ადამიანის ფიზიოლოგია
700 1# - ADDED ENTRY--PERSONAL NAME
Personal name Kollett, Linda S.
Relator term ავტორი
9 (RLIN) 7405
700 1# - ADDED ENTRY--PERSONAL NAME
Personal name Zao, Peter Z.
Relator term ავტორი
9 (RLIN) 7407
906 ## - LOCAL DATA ELEMENT F, LDF (RLIN)
a 7
b cbc
c origcop
d 3
e ncip
f 20
g y-gencatlg
942 ## - ADDED ENTRY ELEMENTS (KOHA)
Source of classification or shelving scheme
Koha item type წიგნი
ეგზემპლარები
Withdrawn status Lost status Source of classification or shelving scheme Damaged status Not for loan Permanent Location Current Location Shelving location Date acquired Cost, normal purchase price Full call number Barcode Date last seen Copy number Price effective from Koha item type Public note
          ბათუმის შოთა რუსთაველის სახელმწიფო უნივერსიტეტის მთავარი ბიბლიოთეკა ბათუმის შოთა რუსთაველის სახელმწიფო უნივერსიტეტის მთავარი ბიბლიოთეკა წიგნსაცავი 2018-12-17 220.00 611+ 612 M-30 709 2018-12-17 709 2018-12-17 წიგნი 220 ლ.